Analysis of the Cartel Equilibrium Model and Guarantee of Respect for the Conditions of the Competitive Environment

Súčasný stav techniky mikroekonomických modelov kartelovej rovnováhy. Všeobecný rovnovážny model ponuky a ceny na oligopolnom trhu. Model ponuky a cenovej rovnováhy v karteli.

Saved in:
Bibliographic Details
Main Author: Fendeková, Eleonora, 1952-
Format: Book Chapter
Language:English
Subjects:
Tags: Add Tag
No Tags, Be the first to tag this record!

MARC

LEADER 00000naa$a2200000$$$4500
001 0279913
005 20240502083850.8
041 0 |a eng 
044 |a CZ 
245 1 0 |a Analysis of the Cartel Equilibrium Model and Guarantee of Respect for the Conditions of the Competitive Environment  |c Eleonora Fendeková 
520 |a Súčasný stav techniky mikroekonomických modelov kartelovej rovnováhy. Všeobecný rovnovážny model ponuky a ceny na oligopolnom trhu. Model ponuky a cenovej rovnováhy v karteli. 
610 2 0 |a prostredie konkurenčné 
610 2 0 |a kartely 
610 2 0 |a modely mikroekonomické 
100 1 |a Fendeková, Eleonora, 1952-